000 00346 a2200169 4500
001 161289
020 _a
040 _cMagnum
100 _aBraido, Eunice
240 1 0 _aO vaga-lume apaixonado
_lpor
245 1 0 _aO vaga-lume apaixonado
300 _a16
362 0 _a2008
440 1 _aFTD
697 _aLITERATURA INFANTIL
942 _cBK
999 _c161289
_d161289